Score 0/74 Timer 10:00
0 Plays Today
% Correct
Cloud Strife
95.9%
Cid Highwind
91.7%
Cid Pollendina
90.7%
Tifa Lockhart
90.2%
Tidus
89.6%
Aerith Gainsborough
88.1%
Barret Wallace
87.6%
Yuna
86.5%
Squall Leonheart
86%
Yuffie Kisaragi
83.9%
Terra Branford
83.4%
Red XIII
83.4%
Wakka
83.4%
Vincent Valentine
82.4%
Auron
81.3%
Cait Sith
80.8%
Zidane Tribal
80.8%
Rikku
80.3%
Rinoa Heartilly
78.2%
Lulu
78.2%
Cecil Harvey
75.6%
Selphie Tilmitt
74.6%
Zell Dincht
74.1%
Quistis Trepe
73.6%
Vivi Orunitia
72%
Dagger
71%
Locke Cole
70.5%
Kain Highwind
68.9%
Bartz Klauser
68.9%
Vaan
67.9%
Sabin Rene Figaro
66.3%
Irvine Kinneas
66.3%
Adelbert Steiner
65.8%
Celes Chere
65.3%
Shadow
65.3%
Kimahri Ronso
65.3%
Mog
64.2%
% Correct
Rosa Farrell
63.7%
Edgar Roni Figaro
63.2%
Rydia
62.7%
Quina Quen
62.2%
Freya Crescent
61.7%
Balthier Bunansa
61.7%
Penelo
60.1%
Porom
59.6%
Gau
59.1%
Eiko Carol
59.1%
Palom
58.5%
Amarant Coral
58.5%
Ashe
58%
Fran
57.5%
Edward Chris von Muir
57%
Basch fon Rosenberg
57%
Edge
56.5%
Cyan Garamonde
56.5%
Gogo
56%
Yang Fang Leiden
54.9%
Setzer Gabbiani
53.9%
Tellah
52.8%
Umaro
52.8%
Relm Arrowny
51.3%
Firion
49.2%
Fusoya
49.2%
Strago Magus
48.7%
Galuf Halm Baldesion
47.7%
Luneth
46.6%
Faris Scherwiz
46.6%
Maria
43.5%
Lenna Charlotte Tycoon
43.5%
Guy
37.8%
Krile Mayer Baldesion
36.8%
Arc
32.6%
Refia
29%
Ingus
28.5%

You're not logged in!

Compare scores with friends on all Sporcle quizzes.
OR
Log In

Sporcle TV

Today on Sporcle TV


Watch our educational content, quiz creation guides, and fun videos on Sporcle TV.

Show Comments

Extras

Top Quizzes Today


Score Distribution

Paid Content

Your Account Isn't Verified!

In order to create a playlist on Sporcle, you need to verify the email address you used during registration. Go to your Sporcle Settings to finish the process.

Report this User

Report this user for behavior that violates our Community Guidelines.

Details: